000
00226nam a2200097 4500
999
_c
529931
_d
529931
040
_c
DLC
082
_a
297.03
_b
HAM
100
_a
Imam Abu Hamid Muhammad al Ghazali
_9
22949
245
_a
Ahya ul Uloom (Jild-4)
942
_2
ddc
_c
BK